[Event "POR-chT"]
[Site "Sao Joao da Madeira"]
[Date "2023.07.21"]
[Round "7.1"]
[White "Basilio, Rodrigo"]
[Black "Ribeiro, Gustavo"]
[Result "1/2-1/2"]
[WhiteElo "1925"]
[BlackElo "1876"]
[PlyCount "178"]
[EventDate "2023.07.17"]
[EventType "team-tourn"]
[EventRounds "9"]
[EventCountry "POR"]
[SourceTitle "CBM 215 Extra"]
[Source "ChessBase"]
[SourceDate "2023.09.30"]
[SourceVersion "1"]
[SourceVersionDate "2023.09.30"]
[SourceQuality "1"]
[WhiteTeam "Corvos Do Lis"]
[BlackTeam "Tessera"]
[WhiteTeamCountry "POR"]
[BlackTeamCountry "POR"]

1. e4 c5 2. Nf3 d6 3. d4 cxd4 4. Qxd4 Nc6 5. Bb5 Bd7 6. Bxc6 Bxc6 7. Nc3 Nf6 8. Bg5 e6 9. 0-0-0 Be7 10. Rhe1 h6 11. Bxf6 gxf6 12. Qe3 Qa5 13. Nd5 Rc8 14. Nxe7 Kxe7 15. Kb1 Qc5 16. Nd4 Bd7 17. Rd2 e5 18. Nf5+ Bxf5 19. exf5 Rhg8 20. Qe4 Qc6 21. f3 a5 22. Re3 a4 23. Red3 Rgd8 24. Qb4 Qc5 25. Qxc5 Rxc5 26. Rd5 Rc4 27. b3 axb3 28. axb3 Rf4 29. c4 b6 30. Rb5 Rb8 31. Rbd5 Rd8 32. Rb5 Rb8 33. Rbd5 b5 34. cxb5 Rb4 35. Rxd6 Rxb3+ 36. Kc2 R8xb5 37. Kd1 Re3 38. Rd8 Rb7 39. Rh8 Rb1+ 40. Kc2 Ra1 41. Rdd8 Re2+ 42. Kd3 Rd1+ 43. Kxe2 Rxd8 44. Rxh6 Rd4 45. Ke3 Rf4 46. h4 Kf8 47. g4 Kg7 48. Rh5 Ra4 49. g5 Rf4 50. gxf6+ Kxf6 51. Rg5 Rxh4 52. Rg1 Kxf5 53. Rb1 Ra4 54. Rb3 f6 55. Rc3 Ke6 56. Rc8 f5 57. Re8+ Kd6 58. Rd8+ Ke7 59. Rb8 Ra3+ 60. Ke2 Kf6 61. Rb2 Kg5 62. Kf2 Rd3 63. Ke2 Ra3 64. Kf2 Rc3 65. Ra2 Rb3 66. Rc2 Kf6 67. Rc6+ Kg5 68. Rc2 f4 69. Re2 Kf5 70. Ra2 Rc3 71. Rd2 Ke6 72. Ke2 Rc8 73. Kf2 Rc7 74. Ra2 Rb7 75. Rd2 Rb4 76. Ke2 Rc4 77. Ra2 Kd5 78. Rd2+ Kc5 79. Rd8 Rc2+ 80. Kd3 Rf2 81. Ke4 Re2+ 82. Kf5 Re3 83. Rd7 Rxf3 84. Kxe5 Rf1 85. Ke4 f3 86. Ke3 Kc4 87. Rf7 Re1+ 88. Kf2 Re4 89. Rxf3 Kd4 1/2-1/2

[Event "POR-ch U14/20"]
[Site "Fatima"]
[Date "2022.04.12"]
[Round "5"]
[White "Basilio, Rodrigo"]
[Black "Ribeiro, Gustavo"]
[Result "1/2-1/2"]
[WhiteElo "1941"]
[BlackElo "1860"]
[PlyCount "95"]
[EventDate "2022.04.10"]
[EventType "swiss"]
[EventRounds "9"]
[EventCountry "POR"]
[SourceTitle "EXT 2023"]
[Source "ChessBase"]
[SourceDate "2022.10.05"]
[SourceVersion "1"]
[SourceVersionDate "2022.10.05"]
[SourceQuality "1"]

1. c4 c5 2. Nc3 Nc6 3. Nf3 d6 4. e3 Bg4 5. Be2 g6 6. d4 cxd4 7. exd4 Bg7 8. Be3 Nf6 9. d5 Bxf3 10. Bxf3 Ne5 11. Be2 Qc8 12. Qa4+ Qd7 13. h3 0-0 14. f4 Qxa4 15. Nxa4 Ned7 16. Bf3 b6 17. 0-0 Rfc8 18. Rac1 Nc5 19. Nxc5 bxc5 20. Bd2 Nd7 21. Bc3 Rab8 22. Rfe1 Re8 23. Re2 Rb7 24. b3 Bxc3 25. Rxc3 a5 26. Rce3 Nb6 27. Be4 Kg7 28. g4 Nd7 29. Bc2 Nf8 30. f5 g5 31. h4 h6 32. hxg5 hxg5 33. Rh3 Nd7 34. Rh5 Ne5 35. Rxg5+ Kf6 36. Rh5 Rg8 37. Rh6+ Kg5 38. Rh7 Kf4 39. Re4+ Kg3 40. Bd1 f6 41. Rh2 Nf3+ 42. Bxf3 Kxf3 43. Ree2 Rxg4+ 44. Kf1 Rf4 45. Ke1 Rxf5 46. Ref2+ Kg4 47. Rhg2+ Kh3 48. Rh2+ 1/2-1/2

[Event "POR-ch U14/20"]
[Site "Fatima"]
[Date "2022.04.11"]
[Round "3"]
[White "Basilio, Rodrigo"]
[Black "Nalivaiko, Maksim"]
[Result "1-0"]
[WhiteElo "1941"]
[BlackElo "1439"]
[PlyCount "120"]
[EventDate "2022.04.10"]
[EventType "swiss"]
[EventRounds "9"]
[EventCountry "POR"]
[SourceTitle "EXT 2023"]
[Source "ChessBase"]
[SourceDate "2022.10.05"]
[SourceVersion "1"]
[SourceVersionDate "2022.10.05"]
[SourceQuality "1"]

1. e4 e5 2. Nf3 Nc6 3. Bc4 Bc5 4. c3 Nf6 5. d3 0-0 6. 0-0 d6 7. h3 Be6 8. Bb3 h6 9. Re1 b5 10. Bc2 Qd7 11. d4 exd4 12. cxd4 Bb4 13. d5 Bxe1 14. dxc6 Bxf2+ 15. Kxf2 Qxc6 16. Nd4 Qb7 17. Qf3 c5 18. Ne2 d5 19. Ng3 Rad8 20. Bxh6 Nxe4+ 21. Bxe4 dxe4 22. Nxe4 Qe7 23. Nbc3 Qh4+ 24. Kg1 Qxh6 25. Nxc5 Qg5 26. N3e4 Qg6 27. Qf2 Bxh3 28. Rf1 Be6 29. Qh4 Bd5 30. Rf4 Qh6 31. Nf6+ Kh8 32. Qg3 Qxf6 33. Rxf6 gxf6 34. Qh3+ Kg7 35. Qg4+ Kh7 36. Nd7 Rh8 37. Nxf6+ Kh6 38. Qh5+ Kg7 39. Qg5+ Kf8 40. Nxd5 Rd7 41. Qf5 Rd6 42. Qe5 Rhh6 43. Ne3 Rde6 44. Qb8+ Kg7 45. Nf5+ Kh7 46. Nxh6 Rxh6 47. Qxa7 Rf6 48. Qb7 Kg7 49. Qxb5 Re6 50. a4 f5 51. Qxf5 Rf6 52. Qxf6+ Kxf6 53. a5 Ke5 54. a6 Kd4 55. a7 Ke3 56. a8Q Ke2 57. b4 Kd3 58. b5 Kc4 59. b6 Kc5 60. b7 Kb6 1-0

[Event "POR-chT"]
[Site "Peniche"]
[Date "2021.07.21"]
[Round "4.3"]
[White "Basilio, Rodrigo"]
[Black "Silva, Mariana Sofia Teixe"]
[Result "1/2-1/2"]
[WhiteElo "1901"]
[BlackElo "1871"]
[PlyCount "136"]
[EventDate "2021.07.19"]
[EventType "team-tourn"]
[EventRounds "9"]
[EventCountry "POR"]
[SourceTitle "CBM 203 Extra"]
[Source "ChessBase"]
[SourceDate "2021.09.30"]
[SourceVersion "1"]
[SourceVersionDate "2021.09.30"]
[SourceQuality "1"]
[WhiteTeam "Corvos Do Lis"]
[BlackTeam "CX A2D"]
[WhiteTeamCountry "POR"]
[BlackTeamCountry "POR"]

1. e4 c6 2. Nf3 d5 3. Nc3 Nf6 4. e5 Ne4 5. Bd3 Nxc3 6. dxc3 e6 7. Ng5 Qc7 8. f4 g6 9. Qf3 Be7 10. 0-0 Nd7 11. Qg4 Nc5 12. Be3 Nxd3 13. cxd3 c5 14. d4 Bd7 15. dxc5 Bxc5 16. Bxc5 Qxc5+ 17. Kh1 Qb6 18. Qh4 Bb5 19. Nxh7 Kd7 20. Rfc1 Qc5 21. Nf6+ Kc7 22. Qg3 Bc6 23. b4 Qc4 24. a4 a6 25. Rd1 d4 26. Rxd4 Qe2 27. Re1 Qc2 28. a5 Rad8 29. Ng4 Rxd4 30. cxd4 Rd8 31. Qf2 Qxf2 32. Nxf2 Rxd4 33. Nh3 Rxb4 34. Rf1 Ra4 35. Ng5 Rxa5 36. Nxf7 Ra2 37. Rc1 Kd7 38. Rg1 a5 39. Nd6 a4 40. Rd1 Kc7 41. Rc1 a3 42. h4 Re2 43. Nb5+ Kb6 44. Nxa3 Bxg2+ 45. Kg1 Bd5 46. Nc4+ Kb5 47. Nd6+ Kb6 48. Rb1+ Kc7 49. Nb5+ Kc8 50. Nc3 Rg2+ 51. Kf1 Rh2 52. Rb6 Bc6 53. Rb4 Rxh4 54. Kf2 Rh3 55. Ne2 Rf3+ 56. Ke1 Ra3 57. Kf2 Bd5 58. Nd4 Ra2+ 59. Ke3 Ra3+ 60. Kf2 Kd7 61. Nb5 Rf3+ 62. Ke2 Rh3 63. Nd6 Kc7 64. Rb1 Rh1 65. Rb4 Rh3 66. Rb1 Rh1 67. Rb4 Rh3 68. Rb1 Rh1 1/2-1/2

[Event "Portuguese Honra"]
[Site "Fatima"]
[Date "2021.04.08"]
[Round "3"]
[White "Basilio, Rodrigo"]
[Black "Santos, Julio Fernandes"]
[Result "1-0"]
[WhiteElo "1849"]
[BlackElo "1884"]
[PlyCount "101"]
[EventDate "2021.04.06"]
[EventType "tourn"]
[EventRounds "9"]
[EventCountry "POR"]
[SourceTitle "CBM 201 Extra"]
[Source "ChessBase"]
[SourceDate "2021.05.31"]
[SourceVersion "1"]
[SourceVersionDate "2021.05.31"]
[SourceQuality "1"]

1. e4 e5 2. Nf3 Nc6 3. Bc4 Bc5 4. d3 d6 5. c3 Nf6 6. Nbd2 0-0 7. 0-0 Na5 8. Bxf7+ Rxf7 9. b4 Bb6 10. bxa5 Bxa5 11. Ng5 Rf8 12. Nc4 h6 13. Nxa5 hxg5 14. Qb3+ Kh7 15. Bxg5 Qe8 16. Qd1 Qg6 17. Qd2 b6 18. Nb3 Bb7 19. f4 Nh5 20. f5 Qe8 21. g4 Nf6 22. Bxf6 gxf6 23. Rf3 Rg8 24. Rh3+ Kg7 25. Kf2 Rh8 26. Qe3 Qc6 27. c4 Rxh3 28. Qxh3 Rh8 29. Qg3 Qe8 30. Rg1 Qg8 31. h4 Qh7 32. Rh1 Qh6 33. Rh2 a5 34. Kg1 Kf7 35. Nd2 Ba6 36. g5 Qh5 37. Nf3 Rg8 38. Rg2 b5 39. Qf2 bxc4 40. g6+ Kf8 41. Qa7 Rg7 42. Qb8+ Ke7 43. Qxc7+ Ke8 44. Qxg7 Qxf3 45. Qh6 cxd3 46. g7 Bc4 47. g8Q+ Bxg8 48. Rxg8+ Kd7 49. Qg7+ Kc6 50. Rc8+ Kb5 51. Qb7+ 1-0

[Event "Portuguese Honra"]
[Site "Fatima"]
[Date "2021.04.07"]
[Round "2"]
[White "Barrento, Jorge Maria Lopes"]
[Black "Basilio, Rodrigo"]
[Result "0-1"]
[WhiteElo "1724"]
[BlackElo "1849"]
[PlyCount "164"]
[EventDate "2021.04.06"]
[EventType "tourn"]
[EventRounds "9"]
[EventCountry "POR"]
[SourceTitle "CBM 201 Extra"]
[Source "ChessBase"]
[SourceDate "2021.05.31"]
[SourceVersion "1"]
[SourceVersionDate "2021.05.31"]
[SourceQuality "1"]

1. d4 Nf6 2. Nf3 g6 3. Bg5 Ne4 4. Bf4 Bg7 5. Nbd2 d5 6. e3 c5 7. c3 0-0 8. Bd3 Bf5 9. Qc2 cxd4 10. exd4 Nxd2 11. Qxd2 Bxd3 12. Qxd3 Nc6 13. 0-0 Na5 14. Rfe1 e6 15. Be5 Nc4 16. Bxg7 Kxg7 17. Qe2 b5 18. Ne5 Rc8 19. Nd3 Qf6 20. Nc5 Rfd8 21. b3 Nd6 22. a4 b4 23. cxb4 Qxd4 24. Qe5+ Qxe5 25. Rxe5 a5 26. Ree1 axb4 27. Rac1 d4 28. Kf1 Nf5 29. Nd3 Rc3 30. Nxb4 Rxb3 31. Nc6 Ra8 32. a5 d3 33. Red1 Ra6 34. Ne5 Rxa5 35. Rxd3 Rxd3 36. Nxd3 Ra2 37. Ne5 Kf6 38. Nd7+ Kg5 39. Ne5 Nd6 40. g3 Kf5 41. Nc4 Ne4 42. Ne3+ Kf6 43. Rc2 Ra1+ 44. Kg2 g5 45. Ng4+ Kg7 46. Ne3 h5 47. h3 f5 48. f3 Nf6 49. Rc6 f4 50. gxf4 gxf4 51. Nc4 Rc1 52. Ne5 Rxc6 53. Nxc6 Nd5 54. Ne5 Ne3+ 55. Kf2 Kf6 56. Nd7+ Kg5 57. Kg1 Kf5 58. Nc5 Nd5 59. Ne4 Nf6 60. Nd6+ Ke5 61. Nf7+ Kd4 62. Kf2 Nh7 63. Ke2 Nf8 64. Nd8 Ke5 65. Kf2 Nh7 66. Kg2 Ng5 67. Nc6+ Kd6 68. Nd4 Kd5 69. Ne2 e5 70. Ng1 Kd4 71. h4 Nf7 72. Nh3 Nh8 73. Ng5 Ke3 74. Ne4 Ng6 75. Nf6 Nxh4+ 76. Kh3 Nxf3 77. Nxh5 Ne1 78. Kg4 f3 79. Ng3 e4 80. Kf5 f2 81. Nf1+ Ke2 82. Nh2 Nf3 0-1

[Event "FISCA Online U14 op"]
[Site "Chess.com INT"]
[Date "2020.05.16"]
[Round "8"]
[White "Arsh, Shah"]
[Black "Basilio, Rodrigo"]
[Result "0-1"]
[WhiteElo "1751"]
[BlackElo "1776"]
[PlyCount "74"]
[EventDate "2020.05.09"]
[EventType "swiss"]
[EventRounds "9"]
[EventCountry "ROU"]
[SourceTitle "EXT 2021"]
[Source "ChessBase"]
[SourceDate "2020.10.23"]
[SourceVersion "1"]
[SourceVersionDate "2020.10.23"]
[SourceQuality "1"]

1. d4 Nf6 2. c4 g6 3. Nc3 Bg7 4. e4 d6 5. Nf3 0-0 6. Be2 e5 7. d5 Na6 8. a3 Nc5 9. Qc2 a5 10. 0-0 a4 11. Be3 Nfd7 12. Ne1 f5 13. f3 f4 14. Bxc5 Nxc5 15. Nd3 Nb3 16. Rad1 Nd4 17. Qd2 b6 18. Nb4 Qh4 19. Nb5 Nxe2+ 20. Qxe2 Rf7 21. Nc6 Bf6 22. Nca7 Bd7 23. Qc2 g5 24. Qf2 Qh5 25. h3 Qg6 26. Nxc7 Rxa7 27. Qxb6 Rxc7 28. Qxc7 Bxh3 29. Qxd6 g4 30. Qe6 Bxg2 31. Qxg4 Qxg4 32. fxg4 Bxf1 33. Kxf1 Rc7 34. Rc1 Be7 35. Ke2 Bc5 36. Rd1 Bd4 37. Rc1 Bxb2 0-1

[Event "Lisbon Portugal rapid 2op"]
[Site "Lisbon"]
[Date "2020.02.02"]
[Round "7"]
[White "Basilio, Rodrigo"]
[Black "Fernandes, Miguel A Murtinho"]
[Result "1-0"]
[WhiteElo "1776"]
[BlackElo "2125"]
[PlyCount "75"]
[EventDate "2020.01.02"]
[EventType "swiss (rapid)"]
[EventRounds "8"]
[EventCountry "POR"]
[SourceTitle "CBM 194 Extra"]
[Source "ChessBase"]
[SourceDate "2020.03.31"]
[SourceVersion "1"]
[SourceVersionDate "2020.03.31"]
[SourceQuality "1"]

1. e4 c6 2. d4 d5 3. Nd2 dxe4 4. Nxe4 Nf6 5. Nxf6+ exf6 6. h3 Bd6 7. Nf3 0-0 8. Be2 Re8 9. 0-0 Nd7 10. Be3 Nf8 11. c4 Be6 12. Qd2 Qc7 13. d5 Bd7 14. Rfd1 Rad8 15. c5 Be5 16. d6 Qb8 17. Rab1 Bf5 18. Bd3 Bxd3 19. Qxd3 Nd7 20. Nh4 f5 21. Nxf5 Bf6 22. f4 g6 23. Nh6+ Kg7 24. Ng4 Kg8 25. Bd4 Re6 26. f5 Bxd4+ 27. Qxd4 gxf5 28. Ne3 Re4 29. Qc3 Re5 30. b4 Rde8 31. Rd3 Qd8 32. Rf1 Nf8 33. Nxf5 Ng6 34. Rg3 f6 35. Qc4+ Kf8 36. Ne7 Nxe7 37. dxe7+ Kxe7 38. Rg7+ 1-0

[Event "Lisbon Portugal rapid 2op"]
[Site "Lisbon"]
[Date "2020.02.02"]
[Round "1"]
[White "Basilio, Rodrigo"]
[Black "Jaracz, Pawel"]
[Result "0-1"]
[WhiteElo "1776"]
[BlackElo "2469"]
[PlyCount "70"]
[EventDate "2020.01.02"]
[EventType "swiss (rapid)"]
[EventRounds "8"]
[EventCountry "POR"]
[SourceTitle "CBM 194 Extra"]
[Source "ChessBase"]
[SourceDate "2020.03.31"]
[SourceVersion "1"]
[SourceVersionDate "2020.03.31"]
[SourceQuality "1"]

1. e4 c5 2. Nf3 e6 3. d4 cxd4 4. Nxd4 a6 5. Nc3 Nf6 6. Be3 d6 7. Bd3 b5 8. 0-0 Bb7 9. Nde2 Nbd7 10. a3 Qc7 11. f3 Be7 12. Nf4 0-0 13. Qe1 Nb6 14. Rd1 Rac8 15. g4 Nfd7 16. Nh5 Ne5 17. Qg3 Nbc4 18. Bc1 Nxa3 19. f4 Nxd3 20. cxd3 Nc2 21. g5 Kh8 22. f5 exf5 23. exf5 Nd4 24. f6 gxf6 25. Nxf6 Bxf6 26. Rxf6 b4 27. Rxd6 Nf3+ 28. Kf1 bxc3 29. Bf4 c2 30. Rc1 Qc5 31. d4 Qf5 32. Rf6 Qd3+ 33. Kf2 Rce8 34. Be5 Nxe5 35. dxe5 Qd2+ 0-1

[Event "Lisbon Portugal rapid 2op"]
[Site "Lisbon"]
[Date "2020.02.02"]
[Round "8"]
[White "Cambando, Jose"]
[Black "Basilio, Rodrigo"]
[Result "1-0"]
[WhiteElo "2166"]
[BlackElo "1776"]
[PlyCount "99"]
[EventDate "2020.01.02"]
[EventType "swiss (rapid)"]
[EventRounds "8"]
[EventCountry "POR"]
[SourceTitle "CBM 194 Extra"]
[Source "ChessBase"]
[SourceDate "2020.03.31"]
[SourceVersion "1"]
[SourceVersionDate "2020.03.31"]
[SourceQuality "1"]

1. e4 c5 2. Nf3 Nc6 3. d4 cxd4 4. Nxd4 g6 5. Nxc6 bxc6 6. Bd3 d6 7. 0-0 Nf6 8. h3 Bg7 9. Qf3 Bd7 10. Nc3 0-0 11. Re1 Qa5 12. Bd2 Qh5 13. Qg3 Rab8 14. e5 Nd5 15. Nxd5 cxd5 16. exd6 exd6 17. Qxd6 Be6 18. Bc3 Bxc3 19. bxc3 Rfc8 20. Rab1 Rxb1 21. Rxb1 Qh6 22. Rb8 Qf8 23. Qxf8+ Rxf8 24. Rb7 Rc8 25. Rxa7 Rxc3 26. g4 Kg7 27. f4 h5 28. f5 gxf5 29. gxf5 Bc8 30. Ra5 d4 31. Kf2 Kf6 32. h4 Rc7 33. Kg3 Re7 34. Rc5 Bb7 35. Rb5 Re3+ 36. Kf2 Be4 37. Bxe4 Rxe4 38. Kg3 Re2 39. Rc5 d3 40. cxd3 Rxa2 41. Kf4 Ra4+ 42. Rc4 Ra6 43. d4 Rd6 44. Ke4 Ra6 45. d5 Ra1 46. Rc6+ Ke7 47. Rh6 Re1+ 48. Kf4 Rd1 49. Rxh5 Rxd5 50. f6+ 1-0

[Event "Guimaraes op 3rd"]
[Site "Guimaraes"]
[Date "2019.09.01"]
[Round "7"]
[White "Basilio, Rodrigo"]
[Black "Fernandes, Miguel A Murtinho"]
[Result "1/2-1/2"]
[WhiteElo "1782"]
[BlackElo "2108"]
[PlyCount "76"]
[EventDate "2019.08.28"]
[EventType "swiss"]
[EventRounds "7"]
[EventCountry "POR"]
[SourceTitle "EXT 2020"]
[Source "ChessBase"]
[SourceDate "2019.10.17"]
[SourceVersion "1"]
[SourceVersionDate "2019.10.17"]
[SourceQuality "1"]

1. e4 c6 2. d4 d5 3. Nd2 dxe4 4. Nxe4 Nf6 5. Nxf6+ exf6 6. Nf3 Bd6 7. Bd3 0-0 8. 0-0 Re8 9. h3 Nd7 10. c4 Nf8 11. d5 Ng6 12. Be3 cxd5 13. cxd5 Ne5 14. Nxe5 fxe5 15. Rc1 e4 16. Bb5 Bd7 17. Bxd7 Qxd7 18. Bc5 Bf4 19. Rc4 b5 20. Rc2 Rad8 21. Qg4 Qxg4 22. hxg4 Rxd5 23. Bxa7 f6 24. g3 e3 25. Re1 exf2+ 26. Bxf2 Rxe1+ 27. Bxe1 Be5 28. Kg2 Kf7 29. Bf2 Kg6 30. b3 Kg5 31. Kh3 f5 32. gxf5 Kxf5 33. a4 bxa4 34. bxa4 Ke4 35. Kg2 Kd3 36. Rc5 Rxc5 37. Bxc5 Bc7 38. Bb4 Kc4 1/2-1/2

[Event "Guimaraes op 3rd"]
[Site "Guimaraes"]
[Date "2019.08.31"]
[Round "5"]
[White "Basilio, Rodrigo"]
[Black "Garcia Dorado, Alberto"]
[Result "1/2-1/2"]
[WhiteElo "1782"]
[BlackElo "2205"]
[PlyCount "61"]
[EventDate "2019.08.28"]
[EventType "swiss"]
[EventRounds "7"]
[EventCountry "POR"]
[SourceTitle "EXT 2020"]
[Source "ChessBase"]
[SourceDate "2019.10.17"]
[SourceVersion "1"]
[SourceVersionDate "2019.10.17"]
[SourceQuality "1"]

1. e4 Nf6 2. e5 Nd5 3. d4 d6 4. c4 Nb6 5. exd6 cxd6 6. Nf3 Bg4 7. b3 e6 8. Nc3 Be7 9. Be2 0-0 10. Be3 d5 11. c5 Nc8 12. b4 a6 13. 0-0 Bf6 14. Bf4 Bxf3 15. Bxf3 Nc6 16. Ne2 N8e7 17. Bd6 Re8 18. Bg4 g6 19. f4 Qd7 20. Be5 Bxe5 21. fxe5 Nxb4 22. Rb1 Nbc6 23. Rf6 Kg7 24. Qf1 Ng8 25. Qf4 Nh6 26. Ng3 Nf5 27. Bxf5 exf5 28. Rd6 Qe7 29. Nxf5+ gxf5 30. Rxb7 Qxb7 31. Qg5+ 1/2-1/2

[Event "Lisbon Portugal op"]
[Site "Lisbon"]
[Date "2019.02.02"]
[Round "1"]
[White "Basilio, Rodrigo"]
[Black "Bubalovic, Davorin"]
[Result "0-1"]
[WhiteElo "1808"]
[BlackElo "2249"]
[PlyCount "72"]
[EventDate "2019.02.02"]
[EventType "swiss"]
[EventRounds "9"]
[EventCountry "POR"]
[SourceTitle "CBM 188 Extra"]
[Source "ChessBase"]
[SourceDate "2019.02.26"]
[SourceVersion "1"]
[SourceVersionDate "2019.02.26"]
[SourceQuality "1"]

1. e4 c5 2. Nf3 e6 3. d4 cxd4 4. Nxd4 a6 5. Nc3 Qc7 6. Be3 Nf6 7. a3 b5 8. Bd3 Nc6 9. Nxc6 dxc6 10. 0-0 e5 11. h3 Bd6 12. Ne2 Be6 13. Ng3 c5 14. c4 bxc4 15. Bc2 0-0 16. Nf5 Rfd8 17. Nxd6 Rxd6 18. Qe2 Rb6 19. Bc1 Nd7 20. Qe3 f6 21. Qg3 Kh8 22. Qh4 Bg8 23. Ba4 Nf8 24. Qg3 Ne6 25. Bd1 Rd8 26. Bg4 Nd4 27. Rb1 Qb7 28. Bf3 c3 29. b4 c2 30. Rb2 cxb4 31. axb4 Rxb4 32. Rxb4 Qxb4 33. Bh6 gxh6 34. Qh4 Qf8 35. Rc1 Nxf3+ 36. gxf3 Rd1+ 0-1

[Event "Sao Martinho do Porto op 1st"]
[Site "Sao Martinho do Porto"]
[Date "2018.09.19"]
[Round "7"]
[White "Castanheira, Antonio Pedro Ribei"]
[Black "Basilio, Rodrigo"]
[Result "1-0"]
[WhiteElo "1905"]
[BlackElo "1669"]
[PlyCount "97"]
[EventDate "2018.09.15"]
[EventType "swiss"]
[EventRounds "9"]
[EventCountry "POR"]
[SourceTitle "CBM 186 Extra"]
[Source "ChessBase"]
[SourceDate "2018.08.24"]
[SourceVersion "1"]
[SourceVersionDate "2018.08.24"]
[SourceQuality "1"]

1. c4 Nf6 2. Nc3 g6 3. g3 Bg7 4. Bg2 0-0 5. e4 d6 6. Nge2 Nc6 7. 0-0 Ne8 8. d4 e5 9. Be3 f6 10. d5 Ne7 11. c5 h6 12. Qd2 g5 13. Rac1 f5 14. exf5 Bxf5 15. Ne4 Kh8 16. Rc4 Ng8 17. cxd6 cxd6 18. Rfc1 Ngf6 19. Nxf6 Rxf6 20. g4 Bd7 21. Ng3 Bf8 22. h3 Rf7 23. Be4 Rg7 24. Qc2 a6 25. Bf5 Kg8 26. Be6+ Bxe6 27. dxe6 d5 28. Nf5 dxc4 29. Nxh6+ Kh8 30. Nf7+ Rxf7 31. exf7 Ng7 32. Qg6 Qd6 33. Qxg5 Be7 34. Qh6+ Qxh6 35. Bxh6 b5 36. Rd1 Rf8 37. Rd7 Kh7 38. Bxg7 Rxf7 39. Bxe5 Kg8 40. a3 Kf8 41. Bd6 Bxd6 42. Rxd6 Ra7 43. Kg2 Ke7 44. Rh6 Ra8 45. h4 Kf7 46. Kg3 Kg7 47. Rb6 Rd8 48. h5 Rd2 49. g5 1-0

[Event "Sao Martinho do Porto op 1st"]
[Site "Sao Martinho do Porto"]
[Date "2018.09.15"]
[Round "1"]
[White "Basilio, Rodrigo"]
[Black "Bous, Florian"]
[Result "1/2-1/2"]
[WhiteElo "1669"]
[BlackElo "2019"]
[PlyCount "108"]
[EventDate "2018.09.15"]
[EventType "swiss"]
[EventRounds "9"]
[EventCountry "POR"]
[SourceTitle "CBM 186 Extra"]
[Source "ChessBase"]
[SourceDate "2018.08.24"]
[SourceVersion "1"]
[SourceVersionDate "2018.08.24"]
[SourceQuality "1"]

1. e4 c5 2. Nf3 d6 3. d4 cxd4 4. Nxd4 Nf6 5. Nc3 a6 6. f3 e6 7. Be3 b5 8. Be2 Bb7 9. Qd2 Nbd7 10. Rd1 b4 11. Nb1 d5 12. exd5 Nxd5 13. Bf2 Be7 14. 0-0 0-0 15. f4 Rc8 16. Bf3 N7b6 17. b3 Qc7 18. f5 e5 19. Ne2 Qxc2 20. Bxb6 e4 21. Qxc2 Rxc2 22. Bxe4 Rxe2 23. Bxd5 Bxd5 24. Rxd5 Rc8 25. Rd2 Rc2 26. Rfd1 g6 27. fxg6 hxg6 28. Rxe2 Rxe2 29. Nd2 Bg5 30. Nc4 Rxa2 31. Ba5 Be7 32. Bb6 Bg5 33. Be3 Bh4 34. g3 Be7 35. Rd2 Ra1+ 36. Kg2 Rb1 37. Rb2 Rd1 38. Kf2 Rh1 39. Kf3 Bf6 40. Ra2 Bc3 41. Rxa6 Rxh2 42. Ra8+ Kg7 43. Rd8 Rc2 44. Kg4 f5+ 45. Kh3 Kf7 46. Bd2 Ke7 47. Rd3 Bxd2 48. Nxd2 g5 49. Rd4 Kf6 50. Kg2 Ke5 51. Rd8 g4 52. Kf2 f4 53. Re8+ Kd5 54. Rd8+ Ke5 1/2-1/2

[Event "Lisbon Portugal rapid op"]
[Site "Lisbon"]
[Date "2018.02.10"]
[Round "7"]
[White "Basilio, Rodrigo"]
[Black "Diogo, Pedro"]
[Result "1/2-1/2"]
[WhiteElo "1652"]
[BlackElo "1897"]
[PlyCount "104"]
[EventDate "2018.02.10"]
[EventType "swiss (rapid)"]
[EventRounds "8"]
[EventCountry "POR"]
[SourceTitle "CBM 182 Extra"]
[Source "ChessBase"]
[SourceDate "2018.02.23"]
[SourceVersion "1"]
[SourceVersionDate "2018.02.23"]
[SourceQuality "1"]

1. e4 c5 2. Nf3 g6 3. d4 cxd4 4. Nxd4 Nc6 5. Nc3 Bg7 6. Be3 Nf6 7. f3 Qa5 8. Qd2 0-0 9. 0-0-0 d5 10. Nb3 Qd8 11. exd5 Nb4 12. d6 exd6 13. Qxd6 Qxd6 14. Rxd6 Bf5 15. Nd4 Rfd8 16. Nxf5 gxf5 17. Rxd8+ Rxd8 18. Bc4 a6 19. Bg5 Rc8 20. Bb3 h6 21. Bh4 Nd7 22. Nd5 Nxd5 23. Bxd5 Nc5 24. Bf2 Nd3+ 25. Kb1 Nxf2 26. Rf1 Rd8 27. Bxb7 a5 28. Kc1 Rb8 29. Ba6 Bxb2+ 30. Kd2 Bd4 31. a4 Bc5 32. Bb5 Rc8 33. Ke2 Kg7 34. c4 Rd8 35. Rxf2 Bxf2 36. Kxf2 f4 37. Ke2 Kf6 38. c5 Ke5 39. c6 Rc8 40. Kd3 Kd5 41. Ke2 h5 42. g3 Ke5 43. Kf2 fxg3+ 44. hxg3 f5 45. Ke3 Rc7 46. Kd3 Kd5 47. Ke3 Ke5 48. Kd3 Rg7 49. Ke3 Re7 50. Kf2 Kd6 51. Kg2 Re3 52. Kf2 Ke5 1/2-1/2

[Event "Leiria op 5th"]
[Site "Leiria"]
[Date "2017.07.15"]
[Round "1"]
[White "Basilio, Rodrigo"]
[Black "Bray, Daniel Jose Freire"]
[Result "0-1"]
[WhiteElo "1566"]
[BlackElo "2165"]
[PlyCount "50"]
[EventDate "2017.07.14"]
[EventType "swiss"]
[EventRounds "5"]
[EventCountry "POR"]
[SourceTitle "EXT 2018"]
[Source "ChessBase"]
[SourceDate "2017.10.13"]
[SourceVersion "1"]
[SourceVersionDate "2017.10.13"]
[SourceQuality "1"]

1. e4 c5 2. Nf3 d6 3. Bb5+ Bd7 4. Bxd7+ Qxd7 5. d4 cxd4 6. Nxd4 Nf6 7. Nc3 g6 8. h3 Bg7 9. Be3 0-0 10. 0-0 Nc6 11. f4 Rac8 12. Qd2 Na5 13. Qd3 Nc4 14. Rab1 a6 15. Bf2 Qc7 16. Nce2 e5 17. Nf3 d5 18. Nxe5 Nxe4 19. Nxc4 Qxc4 20. Ng3 Qxd3 21. cxd3 Nd2 22. d4 Nxb1 23. Rxb1 Rc2 24. Be3 Re8 25. Bf2 h5 0-1

[Event "POR-chT3 final"]
[Site "Matosinhos"]
[Date "2016.08.14"]
[Round "2.1"]
[White "Basilio, Rodrigo"]
[Black "Silva, Ana Ines Teixeira D"]
[Result "0-1"]
[WhiteElo "1486"]
[BlackElo "1781"]
[PlyCount "160"]
[EventDate "2016.08.13"]
[EventType "team-tourn"]
[EventRounds "3"]
[EventCountry "POR"]
[SourceTitle "EXT 2018"]
[Source "ChessBase"]
[SourceDate "2017.10.13"]
[SourceVersion "1"]
[SourceVersionDate "2017.10.13"]
[SourceQuality "1"]
[WhiteTeam "Corvos Do Lis"]
[BlackTeam "CX A2D II"]
[WhiteTeamCountry "POR"]
[BlackTeamCountry "POR"]

1. e4 c6 2. d4 d5 3. exd5 cxd5 4. Nf3 Nc6 5. Bd3 Bg4 6. c3 Nf6 7. Bf4 e6 8. Nbd2 Bd6 9. Bxd6 Qxd6 10. Qb3 0-0 11. 0-0 a6 12. Rfe1 Bxf3 13. Nxf3 b5 14. Ne5 Na5 15. Qd1 Nc4 16. Bxc4 bxc4 17. Re3 Rab8 18. Rb1 Rb5 19. h4 Rfb8 20. Re2 Ne4 21. Qc2 Ra5 22. b4 cxb3 23. Rxb3 Rxb3 24. Qxb3 Rb5 25. Qc2 Qb8 26. g3 Qc7 27. c4 Ra5 28. cxd5 Nc3 29. Re3 Nxd5 30. Qxc7 Nxc7 31. Rc3 Ne8 32. Rc8 Kf8 33. Rd8 Rxa2 34. Nc4 Ke7 35. Ra8 f6 36. Ra7+ Kd8 37. Nb6 Nc7 38. Nc4 Ra1+ 39. Kg2 h6 40. Nd6 g5 41. hxg5 hxg5 42. Nb7+ Kc8 43. Nd6+ Kd8 44. Nb7+ Kd7 45. Nc5+ Kc6 46. Nb3 Ra3 47. Nc5 e5 48. dxe5 fxe5 49. Kh3 Nb5 50. Rxa6+ Kxc5 51. Rg6 Rf3 52. Rxg5 Kd4 53. Kg2 Rf6 54. Kf1 Nc3 55. Rg8 Ne4 56. Rd8+ Kc5 57. Rc8+ Kd6 58. Rc2 Nxg3+ 59. Kg2 Ne4 60. Re2 Kd5 61. f3 Rg6+ 62. Kh2 Nc3 63. Rd2+ Ke6 64. Rd3 Nb5 65. Rd8 Nd4 66. f4 Nf3+ 67. Kh3 Ng1+ 68. Kh4 exf4 69. Re8+ Kf7 70. Re4 Nf3+ 71. Kh5 Rg5+ 72. Kh6 Rf5 73. Ra4 Ng5 74. Ra7+ Kf6 75. Ra6+ Ne6 76. Rb6 f3 77. Rb1 f2 78. Rf1 Kf7 79. Ra1 f1Q 80. Ra7+ Kf6 0-1